|
|
|
|
| LEADER |
00000nam a22000007a 4500 |
| 005 |
20220214233031.0 |
| 007 |
cr|||| |||| |
| 008 |
220214s2018 co |||||s|||| 00||0 spa d |
| 020 |
|
|
|a 978-958-771-671-9
|
| 035 |
|
|
|a 35810
|
| 040 |
|
|
|a vLex
|
| 090 |
|
|
|c 12997
|d 12997
|
| 100 |
1 |
|
|a Ariǫ, Juan Još
|
| 245 |
1 |
0 |
|a Ventas para emprendedores
|h [Recurso electrn̤ico] :
|b Todo lo que necesitas saber /
|c Juan Jos ̌Ariǫ
|
| 256 |
|
|
|a Servicio en ln̕ea
|
| 260 |
|
|
|a Bogot:̀
|b ECOE,
|c 2018
|
| 300 |
|
|
|a 1 recurso electrn̤ico
|
| 500 |
|
|
|a Pese a los esfuerzos que se han realizado al rededor del mundo para promover el emprendimiento, tan solo el 10% de estos logra sobrevivir a los primeros cuatro aǫs. Esto se debe principalmente a los malos resultados obtenidos, ya que dependen de la capacidad de vender del emprendedor, no obstante, en muchas ocasiones, este no tiene experiencia en ventas. El libro va ms̀ all ̀de enseąr tčnicas de venta, a partir del entendimiento de los fundamentos universales de las ventas, se busca que el lector sea capaz de crear su propio criterio para valorar y decidir en las diversas situaciones de venta. Para ello, se divide en cinco capt̕ulos en los cuales se abordan las caracters̕ticas de los emprendedores, la importancia de las ventas en la empresa, sus fundamentos y procesos. La obra va dirigida a todo emprendedor, desde los pequeǫs comerciantes hasta los profesionales especializados que desean triunfar en su actividad.
|
| 506 |
1 |
|
|a Disponible solo en los productos indicados
|d vLex Global
|d vLex Global (Academic Edition, excluding Law Schools)
|d vLex Global (U.S. Academic Edition, Law Schools)
|d vLex Global (U.S. Academic Edition, excluding Law Schools)
|d vLex Global (Academic Edition, Law Schools)
|
| 650 |
0 |
4 |
|a Administracin̤ (Management)
|z Colombia
|
| 740 |
0 |
|
|a vLex Libros (Servicio en ln̕ea)
|
| 856 |
4 |
0 |
|u https://app.vlex.com/#/sources/35810
|z Acceso restringido
|
| 942 |
|
|
|c BOOK
|
| 999 |
0 |
|
|a Management
|